[Event "22ème Open de Saint-Affrique"]
[Site "Saint Affrique (12)"]
[Date "2014.07.21"]
[Round "4.17"]
[White "Penalver, Francois"]
[Black "Duff, Rufus"]
[Result "0-1"]
[WhiteElo "1780"]
[BlackElo "2113"]
[PlyCount "44"]
[EventDate "2014.??.??"]
[Source "Sylvain Rivier"]
[SourceDate "2014.07.26"]

1. e4 e5 2. Nf3 Nc6 3. Bc4 Bc5 4. c3 Nf6 5. d3 a6 6. O-O Ba7 7. Bb3 d6 8. Nbd2
O-O 9. Re1 Ng4 10. Rf1 Kh8 11. h3 Nh6 12. Bc2 f5 13. exf5 Nxf5 14. Kh2 h6 15.
d4 exd4 16. Ne4 dxc3 17. bxc3 Nh4 18. Neg5 Qe8 19. Nh7 Rf5 20. Kh1 Kxh7 21.
Bxh6 Kxh6 22. Qd2+ Kh7 {suite illisible} 0-1

[Event "22ème Open de Saint-Affrique"]
[Site "Saint Affrique (12)"]
[Date "2014.07.21"]
[Round "4.18"]
[White "Ringuet, Noe"]
[Black "Lecoultre, Patrick"]
[Result "1-0"]
[WhiteElo "2070"]
[BlackElo "1702"]
[PlyCount "105"]
[EventDate "2014.??.??"]
[Source "Sylvain Rivier"]
[SourceDate "2014.07.26"]

1. e4 c5 2. Nf3 g6 3. d4 Bg7 4. Nc3 cxd4 5. Nxd4 Nc6 6. Be3 Nf6 7. Nxc6 bxc6 8.
e5 Ng8 9. Bd4 f6 10. exf6 Nxf6 11. Bd3 O-O 12. Qe2 d6 13. O-O-O a5 14. Bc4+ Kh8
15. h4 Qe8 16. h5 e5 17. hxg6 Qxg6 18. Bb6 d5 19. Bb3 Nd7 20. Bc7 Ra7 21. Bxd5
Rxc7 22. Be4 Qg5+ 23. Kb1 Nf6 24. Bd3 Bf5 25. Bc4 Bg6 26. f3 Nh5 27. Qf2 Qf6
28. Qb6 Rcc8 29. Qxa5 Rb8 30. Bb3 Ng3 31. Rhe1 e4 32. Qa3 exf3 33. Re6 Qf5 34.
gxf3 Qxf3 35. Red6 Ne4 36. Nxe4 Qxe4 37. Ka1 Rfe8 38. Qa5 h5 39. a4 Kh7 40. Rg1
Re5 41. Qc7 Ree8 42. Rdxg6 Qxg6 43. Rxg6 Kxg6 44. Bf7+ Kf6 45. Bxe8 Rxe8 46.
Qxc6+ Re6 47. Qf3+ Kg6 48. Ka2 Bf6 49. a5 h4 50. Qd3+ Kg5 51. a6 Kf4 52. Qc4+
Re4 53. Qxe4+ 1-0

[Event "22ème Open de Saint-Affrique"]
[Site "Saint Affrique (12)"]
[Date "2014.07.21"]
[Round "4.19"]
[White "Costa, Anthony"]
[Black "El Mchaouri Mas, Younes"]
[Result "0-1"]
[WhiteElo "1764"]
[BlackElo "2049"]
[PlyCount "56"]
[EventDate "2014.??.??"]
[Source "Sylvain Rivier"]
[SourceDate "2014.07.26"]

1. e4 c6 2. d3 d5 3. Nd2 g6 4. g3 Bg7 5. Bg2 Nf6 6. Ngf3 O-O 7. O-O Qc7 8. Re1
dxe4 9. dxe4 Rd8 10. c3 e5 11. Qc2 Nbd7 12. b3 Bf8 13. Nc4 b5 14. Nb2 a5 15.
Be3 Nc5 16. Bg5 Be7 17. Bxf6 Bxf6 18. Rad1 Be6 19. Nd3 Nxd3 20. Rxd3 Rxd3 21.
Qxd3 a4 22. b4 Bxa2 23. Nd2 Be6 24. c4 Rd8 25. Qc3 Qd6 26. Re2 Qd3 27. Qxd3
Rxd3 28. c5 a3 0-1

[Event "22ème Open de Saint-Affrique"]
[Site "Saint Affrique (12)"]
[Date "2014.07.21"]
[Round "4.20"]
[White "Raynal, Francois"]
[Black "Noireaut, Hoan"]
[Result "1-0"]
[WhiteElo "2008"]
[BlackElo "1674"]
[PlyCount "91"]
[EventDate "2014.??.??"]
[Source "Sylvain Rivier"]
[SourceDate "2014.07.26"]

1. e4 d6 2. d4 Nf6 3. Nc3 g6 4. Bg5 Bg7 5. Qd2 Nbd7 6. Bh6 O-O 7. Bxg7 Kxg7 8.
Bd3 c5 9. Nf3 cxd4 10. Nxd4 b6 11. Nc6 Qe8 12. O-O Bb7 13. Nd4 Nc5 14. Rae1
Nfd7 15. f4 Nxd3 16. cxd3 e5 17. Ndb5 Qb8 18. f5 a6 19. Na3 b5 20. Nc2 Qc7 21.
Ne3 Nf6 22. Rf3 Qc5 23. Kh1 b4 24. Ncd5 Bxd5 25. Nxd5 Nxd5 26. exd5 f6 27. Rc1
Qxd5 28. Rc7+ Rf7 29. Rxf7+ Qxf7 30. fxg6 hxg6 31. Qxb4 Rc8 32. Rf1 Qd5 33. Rd1
Rc2 34. Qg4 f5 35. Qg5 Kf7 36. h4 Qa8 37. h5 Qg8 38. h6 Rc7 39. d4 Qh8 40. dxe5
Qxe5 41. Qd8 Qe7 42. Qh8 Qh4+ 43. Kg1 Re7 44. Qg7+ Ke8 45. Qxg6+ Kf8 46. Qxf5+
1-0

[Event "22ème Open de Saint-Affrique"]
[Site "Saint Affrique (12)"]
[Date "2014.07.21"]
[Round "4.22"]
[White "Sempe, Pierre"]
[Black "Husson, Cybele"]
[Result "1/2-1/2"]
[WhiteElo "1659"]
[BlackElo "1919"]
[PlyCount "100"]
[EventDate "2014.??.??"]
[Source "Sylvain Rivier"]
[SourceDate "2014.07.26"]

1. e4 Nf6 2. e5 Nd5 3. d4 d6 4. f4 Bf5 5. Nf3 e6 6. Bd3 Bxd3 7. Qxd3 Nc6 8. c3
Qd7 9. O-O h5 10. a3 Nce7 11. Be3 Nf5 12. Bd2 Be7 13. Qe2 Rd8 14. c4 Nb6 15.
Bc3 Na4 16. Nbd2 Nxc3 17. bxc3 d5 18. Ng5 c5 19. cxd5 Qxd5 20. Qb5+ Qd7 21.
Qxd7+ Rxd7 22. Ndf3 cxd4 23. cxd4 Nxd4 24. Nxd4 Rxd4 25. Rac1 Bd8 26. Rcd1 Bb6
27. Kh1 Ke7 28. Rxd4 Bxd4 29. Rc1 Bb6 30. Ne4 Rd8 31. Nd6 Be3 32. Rc4 f6 33. g3
Bb6 34. Kg2 Rd7 35. Nc8+ Kd8 36. Nxb6 axb6 37. exf6 gxf6 38. a4 Rd5 39. Kh3 Kd7
40. Kh4 Kd6 41. Rb4 Kc5 42. Rb5+ Kc6 43. h3 e5 44. fxe5 fxe5 45. Kxh5 e4+ 46.
Kg4 Rxb5 47. axb5+ Kd5 48. h4 Kd4 49. h5 e3 50. h6 e2 1/2-1/2

[Event "22ème Open de Saint-Affrique"]
[Site "Saint Affrique (12)"]
[Date "2014.07.21"]
[Round "4.23"]
[White "Criticos, Kris"]
[Black "Navarro, Robin"]
[Result "0-1"]
[WhiteElo "1656"]
[BlackElo "1906"]
[PlyCount "76"]
[EventDate "2014.??.??"]
[Source "Sylvain Rivier"]
[SourceDate "2014.07.26"]

1. f4 d5 2. b3 Bg4 3. h3 Bh5 4. g4 e6 5. Nf3 Bg6 6. Bb2 h5 7. g5 Nd7 8. e3 Ne7
9. Nh4 Be4 10. Rg1 Ng6 11. Nxg6 Bxg6 12. d3 c6 13. d4 Qc7 14. Bd3 Bxd3 15. Qxd3
g6 16. Nd2 a5 17. a3 Be7 18. Kf2 Rg8 19. c4 Nf8 20. cxd5 exd5 21. Nf3 f6 22.
Rac1 O-O-O 23. gxf6 Bxf6 24. b4 axb4 25. axb4 b5 26. h4 Kb7 27. Ra1 Ra8 28.
Rxa8 Kxa8 29. f5 Qe7 30. Ke2 Rg7 31. fxg6 Nxg6 32. Qc3 Qe8 33. Ne5 Bxe5 34.
dxe5 Kb7 35. Qc2 Qe7 36. Qf5 Rg8 37. Qf6 Qe8 38. Rxg6 Rxg6 0-1

[Event "22ème Open de Saint-Affrique"]
[Site "Saint Affrique (12)"]
[Date "2014.07.21"]
[Round "4.24"]
[White "Grosse, Ludovic"]
[Black "Guerzeder, Thomas"]
[Result "1/2-1/2"]
[WhiteElo "1903"]
[BlackElo "1652"]
[PlyCount "88"]
[EventDate "2014.??.??"]
[Source "Sylvain Rivier"]
[SourceDate "2014.07.26"]

1. d4 Nf6 2. c4 g6 3. Nc3 d5 4. Nf3 Bg7 5. cxd5 Nxd5 6. e4 Nxc3 7. bxc3 O-O 8.
Be3 c5 9. Qd2 Nc6 10. Be2 Bg4 11. O-O Bxf3 12. Bxf3 cxd4 13. Bg5 dxc3 14. Qe3
Qc7 15. Rac1 Qa5 16. Bh6 Bxh6 17. Qxh6 Nd4 18. Rfd1 Nxf3+ 19. gxf3 Rfd8 20. Re1
Rac8 21. f4 Qh5 22. Qxh5 gxh5 23. Rc2 b5 24. Kf1 Kg7 25. a3 a5 26. Rb1 Rd2 27.
Rxd2 cxd2 28. Rd1 Rc1 29. Ke2 Rxd1 30. Kxd1 Kf6 31. Kxd2 e5 32. fxe5+ Kxe5 33.
Ke3 h4 34. f4+ Kd6 35. Kd4 f6 36. e5+ fxe5+ 37. fxe5+ Ke6 38. Kc5 b4 39. axb4
axb4 40. Kxb4 Kxe5 41. Kc3 Kf4 42. Kd2 Kf3 43. Ke1 Kg2 44. h3 Kxh3 1/2-1/2

[Event "22ème Open de Saint-Affrique"]
[Site "Saint Affrique (12)"]
[Date "2014.07.21"]
[Round "4.25"]
[White "Lazov, Stefan"]
[Black "Fabre, Jean-Michel"]
[Result "1-0"]
[WhiteElo "1894"]
[BlackElo "1337"]
[PlyCount "61"]
[EventDate "2014.??.??"]
[Source "Sylvain Rivier"]
[SourceDate "2014.07.26"]

1. e4 e5 2. Nf3 Nc6 3. Bc4 h6 4. O-O Nf6 5. Nc3 Bc5 6. h3 O-O 7. d3 d6 8. Be3
Nd4 9. Bxd4 exd4 10. Ne2 c6 11. Nexd4 d5 12. exd5 Nxd5 13. Nb3 Bb6 14. d4 Bd7
15. Ne5 Qc8 16. Bxd5 cxd5 17. Nxd7 Qxd7 18. Qf3 Qd6 19. Rfe1 Rfe8 20. Re3 Kf8
21. Rae1 Bc7 22. g3 Qb6 23. Rxe8+ Rxe8 24. Rxe8+ Kxe8 25. Qxd5 Bxg3 26. Qe4+
Kf8 27. fxg3 Qd6 28. Qe5 Qf6 29. Qb8+ Ke7 30. Qc7+ Kf8 31. Qd8+ 1-0

[Event "22ème Open de Saint-Affrique"]
[Site "Saint Affrique (12)"]
[Date "2014.07.21"]
[Round "4.26"]
[White "Pottier, Simeon"]
[Black "Lafitte, Luc"]
[Result "0-1"]
[WhiteElo "1619"]
[BlackElo "1867"]
[PlyCount "64"]
[EventDate "2014.??.??"]
[Source "Sylvain Rivier"]
[SourceDate "2014.07.26"]

1. d4 d5 2. c4 Nc6 3. Bf4 Nf6 4. e3 g6 5. h3 Bg7 6. Nf3 O-O 7. Nc3 a6 8. Rc1 e6
9. Be2 Ne4 10. Nxe4 dxe4 11. Ng5 f5 12. d5 e5 13. dxc6 exf4 14. cxb7 Bxb7 15.
Ne6 Qxd1+ 16. Rxd1 f3 17. gxf3 exf3 18. Bd3 Rf7 19. Nxg7 Kxg7 20. O-O c5 21.
Rfe1 Rd8 22. Bc2 Rfd7 23. Rxd7+ Rxd7 24. Rd1 Rxd1+ 25. Bxd1 g5 26. Kh2 h5 27.
h4 g4 28. Kg3 Be4 29. b3 Kf6 30. Kf4 a5 31. b4 axb4 32. Ba4 Bb1 0-1

[Event "22ème Open de Saint-Affrique"]
[Site "Saint Affrique (12)"]
[Date "2014.07.21"]
[Round "4.27"]
[White "Julian, Stephane"]
[Black "Raynal, Adrien"]
[Result "1-0"]
[WhiteElo "2050"]
[BlackElo "1591"]
[PlyCount "67"]
[EventDate "2014.??.??"]
[Source "Sylvain Rivier"]
[SourceDate "2014.07.26"]

1. e4 d5 2. exd5 Nf6 3. d4 Nxd5 4. c4 Nb6 5. Nf3 Bf5 6. Bd3 Bxd3 7. Qxd3 Nc6 8.
O-O g6 9. Nc3 Bg7 10. Be3 O-O 11. Rad1 Qd7 12. d5 Nb4 13. Qe2 c6 14. Bc5 a5 15.
Bxb6 cxd5 16. Nxd5 Nxd5 17. cxd5 Qd6 18. Qb5 Rfc8 19. Rc1 e6 20. dxe6 Qxe6 21.
a4 Qg4 22. Rxc8+ Rxc8 23. Bxa5 h5 24. h3 Qe4 25. Re1 Qc2 26. Re8+ Rxe8 27.
Qxe8+ Kh7 28. Bc3 Bxc3 29. bxc3 Qc1+ 30. Qe1 Qf4 31. a5 Qa4 32. Qe5 Qd1+ 33.
Kh2 Qc1 34. Ng5+ 1-0

[Event "22ème Open de Saint-Affrique"]
[Site "Saint Affrique (12)"]
[Date "2014.07.21"]
[Round "4.28"]
[White "Carre, Sylvain"]
[Black "Robic, Damien"]
[Result "1-0"]
[WhiteElo "2172"]
[BlackElo "1663"]
[PlyCount "65"]
[EventDate "2014.??.??"]
[Source "Sylvain Rivier"]
[SourceDate "2014.07.26"]

1. d4 Nf6 2. Bf4 c5 3. d5 d6 4. Nc3 Bf5 5. f3 e6 6. e4 Bg6 7. Bb5+ Nbd7 8. dxe6
fxe6 9. Bxd6 a6 10. Bxd7+ Qxd7 11. Bxf8 Kxf8 12. Qxd7 Nxd7 13. O-O-O Ke7 14.
Nge2 Rad8 15. a4 Ne5 16. b3 Nc6 17. Rxd8 Rxd8 18. Rd1 Nd4 19. Nxd4 cxd4 20. Ne2
e5 21. Kb2 Bf7 22. Nc1 b6 23. Nd3 Kf6 24. a5 b5 25. Nb4 Rd6 26. h4 h6 27. Rh1
g6 28. Nd3 Re6 29. Rc1 Rc6 30. c3 Be6 31. cxd4 Rxc1 32. dxe5+ Ke7 33. Nxc1 1-0

[Event "22ème Open de Saint-Affrique"]
[Site "Saint Affrique (12)"]
[Date "2014.07.21"]
[Round "4.29"]
[White "Joyeux, Gerard"]
[Black "Clement, Olivier"]
[Result "0-1"]
[WhiteElo "1692"]
[BlackElo "2051"]
[PlyCount "60"]
[EventDate "2014.??.??"]
[Source "Sylvain Rivier"]
[SourceDate "2014.07.26"]

1. d4 Nf6 2. Nc3 d5 3. e4 Nxe4 4. Nxe4 dxe4 5. Bc4 Nc6 6. c3 g6 7. Qe2 Bg7 8.
Qxe4 Na5 9. Be2 Bf5 10. Qf3 O-O 11. Nh3 e5 12. dxe5 Bxe5 13. Bf4 Re8 14. Be3
Be4 15. Qg4 f5 16. Qg5 Bf6 17. Qh6 Bxg2 18. Rg1 Bg7 19. Qf4 Bxh3 20. Rg3 Bg4
21. Bxg4 fxg4 22. Qxg4 Qe7 23. Kf1 Nc6 24. h4 Qe4 25. Qh3 Re5 26. Re1 Rae8 27.
Qd7 R5e7 28. Qh3 Qe6 29. Qh2 Be5 30. Bf4 Qc4+ 0-1

[Event "22ème Open de Saint-Affrique"]
[Site "Saint Affrique (12)"]
[Date "2014.07.21"]
[Round "4.30"]
[White "Herry, Serwan"]
[Black "Dubertrand, Bernard"]
[Result "1-0"]
[WhiteElo "1936"]
[BlackElo "1647"]
[PlyCount "69"]
[EventDate "2014.??.??"]
[Source "Sylvain Rivier"]
[SourceDate "2014.07.26"]

1. b3 e5 2. Bb2 Nc6 3. e3 Nf6 4. Bb5 d6 5. Ne2 Be7 6. f4 exf4 7. Nxf4 Bg4 8.
Qc1 O-O 9. O-O Ne5 10. h3 c6 11. Be2 Bxe2 12. Nxe2 Nh5 13. Nbc3 Qd7 14. Qe1 d5
15. Nd4 f5 16. Nce2 c5 17. Nf3 Ng6 18. Ne5 Nxe5 19. Bxe5 Nf6 20. d3 Qe6 21. d4
Ne4 22. Nf4 Qf7 23. Nd3 b6 24. Kh2 Rad8 25. g4 Qe6 26. Nf4 Qc6 27. gxf5 Rxf5
28. Nxd5 Rxd5 29. Rxf5 cxd4 30. exd4 Qxc2+ 31. Kg1 Ng5 32. Qf1 Ne6 33. Rc1 Qe4
34. Qf3 Rxe5 35. Rc8+ 1-0

[Event "22ème Open de Saint-Affrique"]
[Site "Saint Affrique (12)"]
[Date "2014.07.21"]
[Round "4.31"]
[White "Carno, Matthias"]
[Black "Soissong, Elzbieta"]
[Result "0-1"]
[WhiteElo "1897"]
[BlackElo "1620"]
[PlyCount "94"]
[EventDate "2014.??.??"]
[Source "Sylvain Rivier"]
[SourceDate "2014.07.26"]

1. e4 d5 2. exd5 Qxd5 3. Nc3 Qa5 4. d4 c6 5. Nf3 Nf6 6. Bd2 Qc7 7. Be2 Bf5 8.
O-O e6 9. Ne5 Bd6 10. Nf3 Nbd7 11. h3 h6 12. Be3 O-O 13. Bd3 Bxd3 14. Qxd3 Nd5
15. Ne4 Bf4 16. c4 Bxe3 17. fxe3 N5f6 18. Nxf6+ Nxf6 19. Ne5 Rad8 20. Qc2 c5
21. Rad1 cxd4 22. exd4 Rxd4 23. Rxd4 Qxe5 24. Rfd1 Qc5 25. Kh1 Nd5 26. Qe4 Nb4
27. a3 Nc6 28. b4 Qg5 29. Rd7 Ne7 30. Rxb7 Nf5 31. Qf3 Ng3+ 32. Kh2 Nf5 33.
Rxa7 e5 34. Rdd7 e4 35. Qxe4 Qg3+ 36. Kg1 Ne3 37. Qf3 Qe1+ 38. Kh2 Nf1+ 39.
Qxf1 Qxf1 40. Rd4 Qf2 41. Rad7 f5 42. c5 f4 43. Rd3 f3 44. Rd2 Qe1 45. gxf3
Rxf3 46. Rg2 g5 47. c6 Rxh3+ 0-1

[Event "22ème Open de Saint-Affrique"]
[Site "Saint Affrique (12)"]
[Date "2014.07.21"]
[Round "4.32"]
[White "Baudewyn, Ludovic"]
[Black "Jackson, Edgar"]
[Result "1-0"]
[WhiteElo "1843"]
[BlackElo "1602"]
[PlyCount "65"]
[EventDate "2014.??.??"]
[Source "Sylvain Rivier"]
[SourceDate "2014.07.26"]

1. d4 Nf6 2. c4 g6 3. Nc3 Bg7 4. e4 d6 5. f3 O-O 6. Bg5 Na6 7. Qd2 c5 8. d5 Bd7
9. Nge2 Nc7 10. Nc1 a6 11. a4 Rb8 12. a5 Be8 13. Bh6 e5 14. Bxg7 Kxg7 15. g4
Rh8 16. Nd3 h5 17. Be2 Bd7 18. g5 Nh7 19. h4 b5 20. axb6 Rxb6 21. f4 exf4 22.
Qxf4 Re8 23. Qf2 Rb7 24. O-O-O a5 25. Rhf1 Re7 26. e5 Bf5 27. exd6 Qxd6 28.
Qxc5 Qxc5 29. Nxc5 Rb4 30. Bd3 Bxd3 31. Nxd3 Rxc4 32. d6 Rd7 33. Ne5 1-0

[Event "22ème Open de Saint-Affrique"]
[Site "Saint Affrique (12)"]
[Date "2014.07.21"]
[Round "4.34"]
[White "Prieu, Arnaud"]
[Black "Hirschmann, Georges"]
[Result "1-0"]
[WhiteElo "1572"]
[BlackElo "1801"]
[PlyCount "75"]
[EventDate "2014.??.??"]
[Source "Sylvain Rivier"]
[SourceDate "2014.07.26"]

1. e4 e5 2. Nc3 Nf6 3. Bc4 Nc6 4. d3 Bc5 5. f4 exf4 6. Bxf4 d6 7. Nf3 Bg4 8.
Qd2 Nd4 9. Rf1 Nxf3+ 10. gxf3 Bh3 11. Rh1 Nh5 12. Bg5 f6 13. Be3 Qd7 14. O-O-O
O-O-O 15. Bxc5 dxc5 16. Qf2 Qd6 17. Rhg1 g6 18. Na4 b6 19. Kb1 c6 20. Nc3 g5
21. Rde1 Rhf8 22. e5 Qd4 23. Qxd4 cxd4 24. e6 b5 25. e7 bxc4 26. exf8=Q Rxf8
27. Na4 cxd3 28. cxd3 Bf5 29. Kc2 Nf4 30. Nc5 Nd5 31. Re2 Nb4+ 32. Kd2 Kc7 33.
Ne6+ Bxe6 34. Rxe6 Nd5 35. Rc1 Rb8 36. Rcxc6+ Kb7 37. Rcd6 Nf4 38. Rxf6 1-0

[Event "22ème Open de Saint-Affrique"]
[Site "Saint Affrique (12)"]
[Date "2014.07.21"]
[Round "4.35"]
[White "Claisse, Patrick"]
[Black "Degraeve, Thomas"]
[Result "1-0"]
[WhiteElo "1788"]
[BlackElo "1559"]
[PlyCount "47"]
[EventDate "2014.??.??"]
[Source "Sylvain Rivier"]
[SourceDate "2014.07.26"]

1. e4 b6 2. d4 Bb7 3. Nc3 e6 4. a3 Nf6 5. Bd3 d5 6. e5 Nfd7 7. Nce2 c5 8. c3
Nc6 9. f4 Be7 10. Nf3 c4 11. Bc2 b5 12. O-O a5 13. Qe1 Nf8 14. f5 exf5 15. Bxf5
Bc8 16. Bc2 Ng6 17. Nf4 O-O 18. Qg3 Nh4 19. Nh5 Ng6 20. Bg5 Bxg5 21. Nxg5 h6
22. Nxf7 Rxf7 23. Rxf7 Kxf7 24. Qxg6+ 1-0

[Event "22ème Open de Saint-Affrique"]
[Site "Saint Affrique (12)"]
[Date "2014.07.21"]
[Round "4.36"]
[White "Del Valle, Julie"]
[Black "Viguie, Serge"]
[Result "1-0"]
[WhiteElo "1530"]
[BlackElo "1783"]
[PlyCount "103"]
[EventDate "2014.??.??"]
[Source "Sylvain Rivier"]
[SourceDate "2014.07.26"]

1. d4 Nf6 2. c4 g6 3. Nc3 d5 4. cxd5 Nxd5 5. e4 Nxc3 6. bxc3 Bg7 7. Bc4 c5 8.
Ne2 O-O 9. O-O Nc6 10. Be3 Bg4 11. f3 cxd4 12. cxd4 Bd7 13. Rb1 b6 14. Qd2 Re8
15. Rfc1 Na5 16. Ba6 Bc8 17. Bb5 Bd7 18. Nc3 a6 19. Bxd7 Nc4 20. Qe2 Nxe3 21.
Bxe8 Qxd4 22. Bxf7+ Kxf7 23. Kh1 Bh6 24. Nd1 Rd8 25. Nxe3 Qxe3 26. Qxe3 Bxe3
27. Rd1 Rc8 28. Rb2 Rc4 29. h3 Ke6 30. Kh2 Bc5 31. Kg3 a5 32. Rd8 a4 33. Rdd2
a3 34. Rb3 Rc1 35. Kg4 Kf6 36. f4 h5+ 37. Kg3 e6 38. Rbd3 Rc4 39. Kf3 h4 40.
Re2 b5 41. Kg4 Bd4 42. Rxa3 b4 43. Rb3 Bc3 44. a3 Rd4 45. Kxh4 Rd3 46. Kg4 Rd4
47. axb4 Bxb4 48. e5+ Kf7 49. Rc2 Ke7 50. Rc7+ Kd8 51. Rb7 Bd2 52. g3 1-0

[Event "22ème Open de Saint-Affrique"]
[Site "Saint Affrique (12)"]
[Date "2014.07.21"]
[Round "4.37"]
[White "Grimault, Stephanie"]
[Black "Vignette, Jeanne"]
[Result "0-1"]
[WhiteElo "1274"]
[BlackElo "1758"]
[PlyCount "48"]
[EventDate "2014.??.??"]
[Source "Sylvain Rivier"]
[SourceDate "2014.07.26"]

1. Nf3 Nf6 2. b3 g6 3. Bb2 Bg7 4. e3 O-O 5. Be2 c5 6. d4 cxd4 7. Bxd4 Nc6 8.
Bb2 d6 9. h3 Qa5+ 10. c3 Ne4 11. Nd4 Nxd4 12. exd4 Qf5 13. Bf3 Ng5 14. Nd2
Nxf3+ 15. gxf3 b6 16. Qe2 Bb7 17. Ne4 Rac8 18. O-O-O Bh6+ 19. Kb1 d5 20. Ka1
dxe4 21. fxe4 Bxe4 22. Rh2 Bf3 23. Qxe7 Bxd1 24. Rh1 Qc2 0-1

[Event "22ème Open de Saint-Affrique"]
[Site "Saint Affrique (12)"]
[Date "2014.07.21"]
[Round "4.38"]
[White "Bizeul, Pierre"]
[Black "Espiau Dubois, Louis"]
[Result "1-0"]
[WhiteElo "1757"]
[BlackElo "1577"]
[PlyCount "43"]
[EventDate "2014.??.??"]
[Source "Sylvain Rivier"]
[SourceDate "2014.07.26"]

1. e4 c5 2. Nf3 d6 3. d4 cxd4 4. Nxd4 Nf6 5. Nc3 g6 6. Be3 Bg7 7. f3 O-O 8. Qd2
a6 9. Bc4 Nbd7 10. O-O-O b5 11. Bb3 Bb7 12. g4 Nc5 13. h4 Nxb3+ 14. axb3 Qa5
15. Kb1 b4 16. Na4 h5 17. Bh6 Rac8 18. Rhg1 hxg4 19. h5 gxh5 20. Bxg7 Kxg7 21.
Nf5+ Kg6 22. Qh6# 1-0

[Event "22ème Open de Saint-Affrique"]
[Site "Saint Affrique (12)"]
[Date "2014.07.21"]
[Round "4.39"]
[White "Caudrelier, Pierre"]
[Black "Vidal, Frederic"]
[Result "0-1"]
[WhiteElo "1510"]
[BlackElo "1749"]
[PlyCount "28"]
[EventDate "2014.??.??"]
[Source "Sylvain Rivier"]
[SourceDate "2014.07.26"]

1. e4 d5 2. exd5 Nf6 3. d4 Nxd5 4. Nf3 Bg4 5. Be2 e6 6. h3 Bh5 7. c3 Bd6 8. Ne5
Bxe2 9. Qxe2 c6 10. Qg4 O-O 11. O-O f5 12. Qg3 f4 13. Qg4 Rf5 14. Nf3 Nf6 0-1

[Event "22ème Open de Saint-Affrique"]
[Site "Saint Affrique (12)"]
[Date "2014.07.21"]
[Round "4.40"]
[White "Hernandez, Lara"]
[Black "Degraeve, Remy"]
[Result "1-0"]
[WhiteElo "1732"]
[BlackElo "1537"]
[PlyCount "39"]
[EventDate "2014.??.??"]
[Source "Sylvain Rivier"]
[SourceDate "2014.07.26"]

1. d4 Nf6 2. c4 e5 3. dxe5 Ne4 4. Nf3 Nc6 5. g3 d6 6. Bg2 Bf5 7. Nh4 Qd7 8. O-O
g5 9. Nxf5 Qxf5 10. Qd3 Nxg3 11. hxg3 Qxe5 12. Qe4 Nd4 13. Nc3 Qxe4 14. Bxe4 g4
15. Be3 Ne6 16. Bxb7 Rb8 17. Bc6+ Ke7 18. Nd5+ Kd8 19. Bxa7 Rxb2 20. Rab1 1-0

[Event "22ème Open de Saint-Affrique"]
[Site "Saint Affrique (12)"]
[Date "2014.07.21"]
[Round "4.42"]
[White "Bouchet, Jean-Louis"]
[Black "Pont, Frederic"]
[Result "1-0"]
[WhiteElo "1795"]
[BlackElo "1527"]
[PlyCount "47"]
[EventDate "2014.??.??"]
[Source "Sylvain Rivier"]
[SourceDate "2014.07.26"]

1. d4 Nf6 2. c4 e6 3. Nf3 b6 4. g3 Bb7 5. Bg2 d5 6. O-O Be7 7. Ne5 Nbd7 8. Qa4
O-O 9. Nc6 Bxc6 10. Qxc6 Rc8 11. cxd5 exd5 12. Nc3 Nb8 13. Qa4 a6 14. Bh3 b5
15. Qb3 Nbd7 16. Nxd5 c5 17. Nxe7+ Qxe7 18. Bg5 c4 19. Qd1 Rcd8 20. e3 h6 21.
Bxf6 Nxf6 22. Bg2 Nd7 23. Qd2 Nc5 24. Qb4 1-0

[Event "22ème Open de Saint-Affrique"]
[Site "Saint Affrique (12)"]
[Date "2014.07.21"]
[Round "4.43"]
[White "Leost, Joel"]
[Black "Van Lerberghe, Luc"]
[Result "0-1"]
[WhiteElo "1445"]
[BlackElo "1830"]
[PlyCount "104"]
[EventDate "2014.??.??"]
[Source "Sylvain Rivier"]
[SourceDate "2014.07.26"]

1. e4 c5 2. Bc4 d6 3. Nc3 Nf6 4. Nf3 Nc6 5. O-O g6 6. d4 cxd4 7. Nxd4 Bg7 8.
Be3 O-O 9. a3 Ng4 10. Nxc6 bxc6 11. Qf3 Ne5 12. Qe2 Nxc4 13. Qxc4 c5 14. Rfd1
Qb6 15. Nd5 Qb7 16. Rab1 e6 17. Nf4 Qc6 18. b4 Rb8 19. b5 Qc7 20. a4 a6 21. Rb3
axb5 22. axb5 Bd7 23. Rdb1 Rb6 24. Qa4 Qb7 25. Ne2 Ra8 26. Qc4 Ra5 27. Nc3 Bxc3
28. Qxc3 Raxb5 29. Qf6 Rxb3 30. cxb3 Qxe4 31. Rb2 Bc6 32. Qg5 Qd5 33. h3 Qxg5
34. Bxg5 Bd5 35. Bh6 Rxb3 36. Rd2 f5 37. Kh2 Kf7 38. Bg5 Ke8 39. Rd1 Kd7 40.
Ra1 Kc7 41. Ra4 Rb4 42. Ra6 Bb7 43. Ra2 d5 44. Be7 Kc6 45. Ra5 Rb5 46. Ra1 c4
47. h4 e5 48. Bf6 d4 49. Rd1 c3 50. f4 c2 51. Rc1 d3 52. Bxe5 d2 0-1

[Event "22ème Open de Saint-Affrique"]
[Site "Saint Affrique (12)"]
[Date "2014.07.21"]
[Round "4.44"]
[White "Coquelle, Arnaud"]
[Black "Guerin, Tristan"]
[Result "1-0"]
[WhiteElo "1760"]
[BlackElo "1417"]
[PlyCount "117"]
[EventDate "2014.??.??"]
[Source "Sylvain Rivier"]
[SourceDate "2014.07.26"]

1. b4 d5 2. Bb2 Bf5 3. e3 e6 4. c4 Nf6 5. a3 Be7 6. Nf3 Nbd7 7. d3 O-O 8. Nbd2
Bg6 9. Qb3 c6 10. g3 h6 11. Bg2 Qb6 12. O-O Rfd8 13. Rfe1 c5 14. b5 Qc7 15. Nh4
dxc4 16. Nxc4 Bh7 17. Rac1 Ng4 18. Nf3 Nb6 19. d4 Nxc4 20. Qxc4 Rac8 21. dxc5
Nf6 22. c6 bxc6 23. Qxc6 Qb8 24. Qa6 Bd3 25. a4 Be4 26. Ne5 Bxg2 27. Kxg2 Qa8+
28. Kg1 Bb4 29. Red1 Rxd1+ 30. Rxd1 Rc2 31. Nc6 Nd5 32. Bd4 Bc5 33. Bxc5 Rxc5
34. Qxa7 Qxa7 35. Nxa7 Rc7 36. Nc6 Nc3 37. Rd8+ Kh7 38. Ra8 Rb7 39. Kf1 Kg6 40.
Ke1 Nd5 41. Ra7 Rb6 42. Ne5+ Kf5 43. Nc4 Rb8 44. Rxf7+ Kg6 45. Ne5+ Kh7 46. Nc6
Rb6 47. Ra7 Nc3 48. Kd2 Nd5 49. e4 Nf6 50. Kd3 e5 51. Nxe5 Rd6+ 52. Ke3 Re6 53.
f4 Ne8 54. a5 Nd6 55. b6 Nc8 56. b7 Nxa7 57. b8=Q Ra6 58. f5 Rxa5 59. Nf7 1-0

[Event "22ème Open de Saint-Affrique"]
[Site "Saint Affrique (12)"]
[Date "2014.07.21"]
[Round "4.45"]
[White "Nguyen, Gael"]
[Black "Gaubert, Cedric"]
[Result "1-0"]
[WhiteElo "1670"]
[BlackElo "1384"]
[PlyCount "69"]
[EventDate "2014.??.??"]
[Source "Sylvain Rivier"]
[SourceDate "2014.07.26"]

1. d4 d5 2. c4 e6 3. Nc3 c6 4. e4 Be7 5. e5 f6 6. Bd3 Qc7 7. Qh5+ Kf8 8. Nf3
Bd7 9. O-O Be8 10. Qh3 Bf7 11. Re1 Na6 12. a3 h6 13. exf6 Bxf6 14. Ne5 Bxe5 15.
Rxe5 Nf6 16. Qf3 c5 17. Re1 dxc4 18. Bf4 Qd7 19. Bxc4 cxd4 20. Bxa6 dxc3 21.
bxc3 Nd5 22. Bxb7 Qxb7 23. c4 g6 24. Be5 Rg8 25. Rab1 Qa6 26. cxd5 exd5 27. Qf4
g5 28. Qb4+ Ke8 29. Bf6+ Kd7 30. Qe7+ Kc6 31. Qxf7 Qxa3 32. Qb7+ Kc5 33. Qe7+
Kc4 34. Qxa3 d4 35. Qb3+ 1-0

[Event "22ème Open de Saint-Affrique"]
[Site "Saint Affrique (12)"]
[Date "2014.07.21"]
[Round "4.46"]
[White "Salvador, Lucie"]
[Black "Boulier, Rene"]
[Result "0-1"]
[WhiteElo "1437"]
[BlackElo "1651"]
[PlyCount "56"]
[EventDate "2014.??.??"]
[Source "Sylvain Rivier"]
[SourceDate "2014.07.26"]

1. e4 e6 2. d4 b6 3. Nc3 Ba6 4. Bd3 Bxd3 5. Qxd3 Nc6 6. a3 Nge7 7. e5 d6 8.
exd6 cxd6 9. Nf3 Ng6 10. O-O Be7 11. Re1 O-O 12. Qb5 Qc7 13. Bd2 d5 14. Qd3 Bf6
15. Re2 Rfe8 16. Rae1 a6 17. Na2 b5 18. Nb4 Nxb4 19. Bxb4 Nf4 20. Qe3 Nxe2+ 21.
Rxe2 a5 22. Bd2 Rec8 23. c3 Qc6 24. g3 Qc4 25. Re1 Qb3 26. Rb1 Qc2 27. Qe1 Qf5
28. Qd1 h5 0-1